Manažment výroby - Praktikum II.

Guardado en:
Detalles Bibliográficos
Autor principal: Hitka, Miloš
Otros Autores: Simanová, Ľubica
Formato: Libro
Lenguaje:eslovaco
Publicado: Zvolen Technická univerzita vo Zvolene, Drevárska fakulta 2023
Edición:1. vydanie
Materias:
Etiquetas: Agregar Etiqueta
Sin Etiquetas, Sea el primero en etiquetar este registro!

MARC

LEADER 00000nam a2200000 4500
001 0305128
005 20250210101520.7
020 |a 978-80-228-3368-4 
041 0 |a slo 
044 |a SK 
245 1 0 |a Manažment výroby - Praktikum II.  |c Miloš Hitka, Ľubica Simanová 
250 |a 1. vydanie 
264 1 |a Zvolen  |b Technická univerzita vo Zvolene, Drevárska fakulta  |c 2023 
300 |a 101 s. 
610 2 0 |a riadenie výroby 
610 2 0 |a výroba 
610 2 0 |a proces výrobný 
610 2 0 |a plánovanie výroby 
100 1 |a Hitka, Miloš 
700 1 |a Simanová, Ľubica